01189nam a2200337 i 450000100060000000300090000600500170001500800390003201500170007103500210008804000270010904100130013604600090014908000120015808000100017010000570018024501220023724600580035926000550041730000330047238000170050538800140052250400320053665800280056865800150059665000340061165000180064571000410066370000490070485600980075312327KOSZ 00520200406091344.0070708s1969 pl a f 001 0 pol aPB 1970/1287 a(OCoLC)750649725 aWA NcWA NdKOSZ005/HR1 apolhrus k1969 a621.396 a519.21 aKanevskij, Zinovij Moiseevič.d(1932-1996).eAutor10aRachunek prawdopodobieństwa :bteoria i zastosowania w radiotechnice /cZ. M. Kaniewski ; tł. Tadeusz Gerstenkorn.1 iTyt. oryg.:aVeroâtnostnye zadači v radiotehnike. aWarszawa :bWydawnictwa Naukowo-Techniczne,c1969. a180, [2] s. :bil. ;c23 cm. aKsiążki. a1901-2000 aBibliogr. s. [178]. Indeks. aInżynieria i technika aMatematyka 4aRachunek prawdopodobieństwa 4aRadiotechnika2 aWydawnictwa Naukowo-Techniczne4pbl.1 aGerstenkorn, Tadeuszd(1927- )eTłumaczenie uhttp://koha.tu.koszalin.pl/cgi-bin/koha/opac-detail.pl?biblionumber=12327zKatalog online BPK